Crop production / (Record no. 184083)

000 -LEADER
fixed length control field 01040 a2200193 4500
003 - CONTROL NUMBER IDENTIFIER
control field Nust
005 - DATE AND TIME OF LATEST TRANSACTION
control field 20230104130502.0
040 ## - CATALOGING SOURCE
Transcribing agency Nust
082 ## - DEWEY DECIMAL CLASSIFICATION NUMBER
Classification number 630,HUG
100 ## - MAIN ENTRY--PERSONAL NAME
Personal name Harold D. Hughes
9 (RLIN) 106759
245 ## - TITLE STATEMENT
Title Crop production /
Statement of responsibility, etc. Harold D. Hughes & Darrel S. Metcalfe
250 ## - EDITION STATEMENT
Edition statement 3rd ed
260 ## - PUBLICATION, DISTRIBUTION, ETC.
Place of publication, distribution, etc. Macmillan Publishing Co
Name of publisher, distributor, etc. London
Date of publication, distribution, etc. 1972
300 ## - PHYSICAL DESCRIPTION
Extent xi , 627 p
Other physical details illus
Dimensions 24 cm
505 ## - FORMATTED CONTENTS NOTE
Formatted contents note Agriculture beginnings (Page-1), World production distribution (Page-10), US production distribution (Page-27), The world food population problem (Page-41), Agricultural production adjustments (Page-57), Climate weather and crops (Page-71), Water use by crops (Page-142), Irrigation ,drainage and dryland farming (Page-156), The soil and croping practices (Page-176), Wheat and rye (Page-352), The soybean crop (Page-370), Potatos (Page-430), Alfalfa (Page-503), Dryland grasses (Page-567), Crop enemies (Page-577), Crop terms (Page-602).
600 ## - SUBJECT ADDED ENTRY--PERSONAL NAME
Personal name Harold D. Hughes
9 (RLIN) 106759
650 ## - SUBJECT ADDED ENTRY--TOPICAL TERM
Topical term or geographic name entry element Crop production
9 (RLIN) 106760
942 ## - ADDED ENTRY ELEMENTS (KOHA)
Source of classification or shelving scheme
Koha item type Book
Holdings
Withdrawn status Lost status Source of classification or shelving scheme Damaged status Not for loan Permanent Location Current Location Shelving location Date acquired Full call number Barcode Date last seen Price effective from Koha item type Public note
          Military College of Signals (MCS) Military College of Signals (MCS) General Stacks 12/12/2016 630,HUG MCS20845 12/08/2016 12/12/2016 Book Almirah No.42, Shelf No.2
© 2023 Central Library, National University of Sciences and Technology. All Rights Reserved.